Xây dựng phương pháp hỗ trợ ra quyết định cấp phép môi trường dựa trên nồng độ ô nhiễm COD : Luận văn Thạc sĩ. Chuyên ngành: Khoa học Môi trường
Nghiên cứu xây dựng phương pháp tính toán ước lượng nồng độ ô nhiễm COD tại vị trí bất kỳ trên bản đồ của nhà máy đăng ký bằng tọa độ địa lý xin cấp phép mới hoạt động.
Gardado en:
| Autor Principal: | |
|---|---|
| Formato: | Libro |
| Idioma: | Undetermined |
| Publicado: |
Cần Thơ
Trường Đại học Cần Thơ
2010
|
| Những chủ đề: | |
| Các nhãn: |
Engadir etiqueta
Sen Etiquetas, Sexa o primeiro en etiquetar este rexistro!
|
| Thư viện lưu trữ: | Trung tâm Học liệu Trường Đại học Cần Thơ |
|---|
| LEADER | 01401nam a2200229Ia 4500 | ||
|---|---|---|---|
| 001 | CTU_163802 | ||
| 008 | 210402s9999 xx 000 0 und d | ||
| 082 | |a 333.910285 | ||
| 082 | |b T120 | ||
| 088 | |a 60440301 | ||
| 100 | |a Đoàn, Thanh Tâm | ||
| 245 | 0 | |a Xây dựng phương pháp hỗ trợ ra quyết định cấp phép môi trường dựa trên nồng độ ô nhiễm COD : | |
| 245 | 0 | |b Luận văn Thạc sĩ. Chuyên ngành: Khoa học Môi trường | |
| 245 | 0 | |c Đoàn Thanh Tâm ; Nguyễn Hiếu Trung, Kỷ Quang Vinh, Nguyễn Đình Giang Nam (Hướng dẫn Khoa học) | |
| 260 | |a Cần Thơ | ||
| 260 | |b Trường Đại học Cần Thơ | ||
| 260 | |c 2010 | ||
| 520 | |a Nghiên cứu xây dựng phương pháp tính toán ước lượng nồng độ ô nhiễm COD tại vị trí bất kỳ trên bản đồ của nhà máy đăng ký bằng tọa độ địa lý xin cấp phép mới hoạt động. | ||
| 650 | |a Natural resources,English language,Geographic information systerms,Hệ thống thông tin địa lý,Nguồn tài nguyên thiên nhiên | ||
| 650 | |x Management,Study and teaching,Foreign speakers,Remote sensing,Viễn thám,Quản lý | ||
| 904 | |i Năm | ||
| 980 | |a Trung tâm Học liệu Trường Đại học Cần Thơ | ||